000 00594nam a2200157 i 4500
001 71824
003 ES-MaACL
005 20230906171236.0
007 t|
008 040819s1913 cu ||||1| spa d
100 1 _aGiberga, Eliseo.
_956639
245 1 3 _aEl Centenario de Cádiz y la intimidad Ibero-americana
_b: discursos pronunciados con motivo del Centenario de las Cortes, constitución y sitio de Cádiz celebrado en 1912 /
_cEliseo Giberga.
260 _aLa Habana :
_b[s.n.],
_c1913 (
_fImpr., papelería de Rambla, Bouza)
300 _a78 p. ;
_c25 cm.
852 _aES-MaACL
_jT-1352-F-6
999 _c71824
_d71824